000
00343nam a2200145Ia 4500
008
230718s9999 xx 000 0 und d
041
_a
Eng.
082
_a
346.41
_b
BAN-P
100
_a
Bangia, Dr. R.K
245
0
_a
Principles of law Mercairthe
260
_a
Pakistan
_b
Asia Law House
_c
2016
300
_a
1008
650
_a
Law
999
_c
31375
_d
31375